|
|
|
|
| LEADER |
00000nam a2200000 a 4500 |
| 001 |
vtls001111852 |
| 003 |
SK-MaSNL |
| 005 |
20260301050702.0 |
| 008 |
250414s1978 xo 0 slo |
| 015 |
|
|
|a SNBA1978
|
| 035 |
|
|
|a SNK000054695
|
| 040 |
|
|
|a SNK
|b slo
|c SNK
|e AACR2
|
| 041 |
0 |
|
|a slo
|
| 044 |
|
|
|a xo
|c SK
|
| 080 |
|
|
|a 911/912(075.3)
|2 1981
|
| 100 |
1 |
|
|a Ibermann, Alois
|4 aut
|9 356726
|
| 245 |
1 |
0 |
|a Zemepis pre 3. ročník gymnázia
|c Alois Ibermann ; Alois Obermann, Ján Verešík, Pavol Teiner, Ladislav Hruškovič
|
| 250 |
|
|
|a 3. vyd.
|
| 260 |
|
|
|a Bratislava
|b Slovenské pedagogické nakladateľstvo
|c 1978
|e Bratislava
|f Pravda
|
| 300 |
|
|
|a 275 s., 19,52 AH
|b Tb. Fot. Mp. Grafy. Sch.
|c 21 cm
|
| 366 |
|
|
|e 7890 výtl.
|
| 500 |
|
|
|a Tit. dvojlist. Pozn.
|
| 700 |
1 |
|
|a Obermann, Alois
|4 aut
|9 48551
|
| 700 |
1 |
|
|a Verešík, Ján
|4 trl
|9 280141
|
| 700 |
1 |
|
|a Teiner, Pavol
|4 bkd
|9 356727
|
| 700 |
1 |
|
|a Hruškovič, Ladislav
|4 bkd
|9 277111
|
| 852 |
|
|
|a Slovenská národná knižnica
|
| 958 |
|
|
|a OND
|
| 958 |
|
|
|a UC
|
| 958 |
|
|
|a TL
|
| 958 |
|
|
|a OP
|
| 999 |
|
|
|c 601547
|d 603477
|
| 952 |
|
|
|t P60, <04>, [BOOK], {604}
|a SNK
|b SNK
|y VYP
|7 0
|p 17A0061575
|o snkSC 43637 D1
|0 0
|1 0
|4 0
|d 1997-04-23
|l 0
|r 2004-12-31 00:00:00
|w 2026-02-23
|
| 952 |
|
|
|a SNK
|b SNK
|y PREZ
|7 0
|p 17A0980038
|o snkSC 43637
|0 0
|1 0
|4 0
|d 2013-08-20
|l 0
|r 2025-10-21 00:00:00
|w 2026-02-23
|